| 000 | 01762nam a2200325 a 4500 | ||
|---|---|---|---|
| 001 | BRCA_2958 | ||
| 005 | 20190320204039.0 | ||
| 008 | 161208s1892----gw-a---###---#000-0dger-u | ||
| 041 | _ager | ||
| 044 | _agw | ||
| 084 |
_a299 _b.F758 _c1892 |
||
| 100 | 1 |
_aCervantes Saavedra, Miguel de _d1547-1616 _9213 |
|
| 245 | 1 | 0 |
_aDer sinnreiche Junker Don Quixote von la Mancha _cvon Miguel de Cervantes Saavedra. |
| 260 |
_aStuttgart _bFritschische Buchhandlung _c1892 |
||
| 300 |
_a2 v. _bil. _c21 cm. |
||
| 500 | _aContenido : v 1. Primera parte. Retrato de Cervantes. Noticia sobre la vida y obra de Cervantes basada en la escrita por Viardot. Introducción por H. Heine. Prólogo del autor. Texto. -- v 2. Segunda parte. Prólogo del autor. Texto | ||
| 500 | _aEdición : Aus dem Spanischen Übersetzt mit dem Leben von Miguel Cervantes nach Viardot und einer Einleitung von Heirich Heine. Vierte Durchgesehen Auflage. Mit 120 Illustratione nach Tony Johannot Gezeichnet von C. Offterdinger | ||
| 500 | _aReimpresion de la edición publicada por la Casa editorial de Dennig Finck und Co., en 1842, pero mejor presentada e impresa. Tela; lomeras y cubiertas decoradas con adornos dorados y motivos quijotiles en varios colores Lúdovik Osterc | ||
| 500 | _aQM1110 | ||
| 546 | _aTexto en : alemán | ||
| 650 | 1 | 4 |
_aNovela española _yÉpoca clásica, 1500-1700 _9215 |
| 650 | 1 | 4 |
_aLiteratura española _yÉpoca clásica, 1500-1700 _9216 |
| 650 | 1 | 4 |
_aNovela española _ySiglo XVII _9217 |
| 650 | 1 | 4 |
_aDon Quijote (Personaje ficticio) _eNovela _9218 |
| 700 | 1 |
_aJohannot, Tony _d1803-1852 _eIlustrador _98216 |
|
| 700 | 1 |
_aViardot, Louis _d1800-1883 _eBiógrafo _98217 |
|
| 740 | 0 | _aEl Ingenioso Hidalgo Don Quijote de la Mancha | |
| 902 | _aQFM | ||
| 942 |
_2lcc _cB |
||
| 999 |
_c2697 _d2697 |
||